000 00183nam a2200073Ia 4500
008 170817s9999 xx 000 0 und d
100 _aSHARMA A.
245 0 _aTEACHING IN HIGHER EDUCATION
260 _bCOMMONWEALTH PUB
999 _c37730
_d37730